IMAPS-CPMT 2011 (Rekord nr 41203)
| 000 -ETYKIETA REKORDU | |
|---|---|
| podpole kontrolne o stałej długości | 01608nam a2200385 i 4500 |
| 001 - NUMER KONTROLNY REKORDU | |
| pole kontrolne | bg |
| 020 ## - MIĘDZYNARODOWY ZNORMALIZOWANY NUMER KSIĄŻKI - ISBN | |
| ISBN | 9788360779149 |
| 040 ## - ŹRÓDŁO KATALOGOWANIA | |
| Instytucja, która utworzyła rekord | BPK |
| 041 1# - KOD JĘZYKA | |
| Kod języka tekstu | eng |
| 044 ## - KOD KRAJU WYDAWCY/PRODUCENTA | |
| Kod kraju wydawcy/producenta | POL |
| 080 ## - UNIWERSALNA KLASYFIKACJA DZIESIĘTNA - UKD | |
| UKD | 621.3.049.77 |
| 080 ## - UNIWERSALNA KLASYFIKACJA DZIESIĘTNA - UKD | |
| UKD | (06) |
| 080 ## - UNIWERSALNA KLASYFIKACJA DZIESIĘTNA - UKD | |
| UKD | (0.34) |
| 920 ## - Międzynarodowy znormalizowany numer książki – ISBN | |
| ISBN | 978-83-607791-4-9 |
| 008 - POLE O STAŁEJ DŁUGOŚCI - DANE KONTROLNE | |
| podpole kontrolne o stałej długości | 121009s2012 pl a |000 0 eng |
| 111 2# - NAZWA IMPREZY | |
| Nazwa imprezy | International IMAPS-IEEE Poland Conference |
| Oznaczenie części/sekcji/imprezy | (35 ; |
| Data imprezy | 2011 ; |
| Miejsce imprezy | Gdańsk / Sobieszewo). |
| 245 10 - TYTUŁ/ODPOWIEDZIALNOŚĆ | |
| Tytuł | IMAPS-CPMT 2011 |
| Typ dokumentu | [Dokument elektroniczny] : |
| Ciąg dalszy tytułu | proceedings : September 21-24, Gdańsk-Sobieszewo / |
| Pozostałe elementy strefy tytułu i oznaczenia odpowiedzialności | [ed. Piotr Jasiński, Grzegorz Jasiński ; phot. Konrad Dunst ; org. Gdansk University of Technology. Faculty of Electronics, Telecomunications and Informatics]. |
| 246 30 - WARIANT TYTUŁU | |
| Tytuł | IMAPS |
| 246 3# - WARIANT TYTUŁU | |
| Tytuł | International Microelectronics and packaging IMAPS-IEEE CPMT Poland conference |
| 246 18 - WARIANT TYTUŁU | |
| Tytuł | 35th International Microelectronics and packaging IMAPS-IEEE CPMT Poland conference |
| 246 1# - WARIANT TYTUŁU | |
| Tytuł | International Conference IMAPS-Poland 2011, 35 |
| 246 30 - WARIANT TYTUŁU | |
| Tytuł | IMAPS |
| 260 ## - STREFA ADRESU WYDAWNICZEGO | |
| Miejsce wydania | Gdańsk : |
| Nazwa wydawcy/dystrybutora | Gdansk University of Technology, |
| Data publikacji, dystrybucji/powstania dokumentu | cop. 2011. |
| 300 ## - STREFA OPISU FIZYCZNEGO | |
| Objętość | 1 dysk optyczny (CD-ROM) : |
| Inne cechy fizyczne | kolor ; |
| Rozmiary | 12 cm. |
| 504 ## - UWAGA DOTYCZĄCA BIBLIOGRAFII | |
| Informacje o bibliografii | Bibliogr. Indeks. |
| 538 ## - WYMAGANIA TECHNICZNE | |
| Tekst uwagi | Wymagania systemowe: IBM PC; Windows 98 lub nowszy; Acrobat Reader; czytnik CD-ROM. |
| 650 #4 - HASŁO PRZEDMIOTOWE W FORMIE NAZWY OGÓLNEJ LUB JEDNOSTKOWEJ | |
| Nazwa ogólna lub geograficzna | Mikroelektronika |
| 655 #4 - TERMIN INDEKSOWY - OKREŚLENIE RODZAJU/FORMY DOKUMENTU | |
| Określenie rodzaju/formy dokumentu | Materiały konferencyjne |
| 655 #4 - TERMIN INDEKSOWY - OKREŚLENIE RODZAJU/FORMY DOKUMENTU | |
| Określenie rodzaju/formy dokumentu | Dokumenty elektroniczne |
| 700 1# - HASŁO DODATKOWE - NAZWA OSOBOWA | |
| Nazwa osobowa | Jasiński, Piotr. |
| Określenie związku między hasłem a opisywanym materiałem | Red. |
| 700 1# - HASŁO DODATKOWE - NAZWA OSOBOWA | |
| Nazwa osobowa | Jasiński, Grzegorz. |
| Określenie związku między hasłem a opisywanym materiałem | Red. |
| 700 1# - HASŁO DODATKOWE - NAZWA OSOBOWA | |
| Nazwa osobowa | Dunst, Konrad. |
| Określenie związku między hasłem a opisywanym materiałem | Fot. |
| 710 1# - HASŁO DODATKOWE - NAZWA CIAŁA ZBIOROWEGO | |
| Nazwa ciała zbiorowego lub jednostki geograficznej | Politechnika Gdańska. |
| Nazwa jednostki podrzędnej | Wydział Elektroniki, Telekomunikacji i Informatyki. |
| 856 ## - LOKALIZACJA I DOSTĘP DO ELEKTRONICZNYCH DOKUMENTÓW ZDALNYCH | |
| Link (URL) | http://koha.tu.koszalin.pl/cgi-bin/koha/opac-detail.pl?biblionumber=41203 |
| Tekst linku | Katalog online BPK |
| 942 ## - DODATKOWE ELEMENTY (KOHA) | |
| Typ dokumentu | Płyta CD |
| Wycofany | Status egzemplarza | Uszkodzony | Dostępność | Lokalizacja stała | Lokalizacja bieżąca | Miejsce przechowywania | Sygnatura | Kod kreskowy | Dział | Typ dokumentu |
|---|---|---|---|---|---|---|---|---|---|---|
| Tylko na miejscu | Czytelnia Wydziału Elektroniki i Informatyki, Wydziału Architektury i Wzornictwa, Wydziału Inżynierii Mechanicznej i Energetyki oraz Wydziału Inżynierii Lądowej, Środowiska i Geodezji | Czytelnia Wydziału Elektroniki i Informatyki, Wydziału Architektury i Wzornictwa, Wydziału Inżynierii Mechanicznej i Energetyki oraz Wydziału Inżynierii Lądowej, Środowiska i Geodezji | Czytelnia Wydziałowa ul. Śniadeckich 2 | CD 1695 | 02510422 | 621.037/.049 Układy analogowe, cyfrowe i obwody drukowane | Płyta CD |
